=LDR 00000nam 2200000 4500 =001 INLIS000000000034331 =005 20130612140236 =008 ***********************************ind** =035 ##$$0010-061300000034331 =041 ##$$a ind =082 ##$$a 028.5 =090 ##$$a 028.5, Mua s =100 ##$$a MUAKHIR, Ali =245 ##$$a Senang membaca, I Love Reading, Ali Muakhir ; penerjemah, Noviana Abdu ; editor, Tim GB =260 ##$$a 2008 $b Solo =300 ##$$a 23 hlm, ilus, 18 cm =650 ##$$a Bacaan Kanak - kanak =700 ##$$a Abdu, Noviana =850 ##$$a NBPNMAT =990 ##$$a 09290929 =990 ##$$a 21010960